[Event "NYCC Romania 2016 Open U20 Team"]
[Site "Iasi"]
[Date "2016.07.31"]
[Round "5.2"]
[White "Nastase, Robert Paul"]
[Black "Lupascu, Matei Alexandru"]
[Result "1-0"]
[WhiteElo "2162"]
[BlackElo "2072"]
[PlyCount "37"]
[EventDate "2016.07.27"]
[EventType "team"]
[EventRounds "6"]
[WhiteTeam "Clubul Central de Sah Buc."]
[BlackTeam "Cs Politehnica Iasi"]

1. e4 c5 2. Nf3 e6 3. d4 cxd4 4. Nxd4 a6 5. c4 Nf6 6. Nc3 Bb4 7. Qd3 Qc7 8. a3
Bxc3+ 9. Qxc3 Nxe4 10. Nb5 axb5 11. Qxg7 Rf8 12. Bh6 Qd6 13. Rc1 b6 14. cxb5
Bb7 15. Be2 Qe7 16. Rc7 Nf6 17. Qxf8+ Qxf8 18. Bxf8 Bxg2 19. Rc8# 1-0

[Event "NYCC Romania 2016 Open U20 Team"]
[Site "Iasi"]
[Date "2016.07.30"]
[Round "4.2"]
[White "Lupascu, Matei Alexandru"]
[Black "Voicu, Gabriel"]
[Result "0-1"]
[WhiteElo "2072"]
[BlackElo "2006"]
[PlyCount "98"]
[EventDate "2016.07.27"]
[EventType "team"]
[EventRounds "6"]
[WhiteTeam "Cs Politehnica Iasi"]
[BlackTeam "Sah Club Galati"]

1. Nf3 c5 2. g3 Nc6 3. Bg2 g6 4. O-O Bg7 5. d3 Nf6 6. c4 O-O 7. Na3 d5 8. Rb1
dxc4 9. Nxc4 Nd5 10. Ne3 Nc7 11. Bd2 e5 12. Qc1 Qe7 13. Re1 Be6 14. b3 Rab8 15.
h4 h6 16. Bc3 Nb5 17. Bb2 Rbd8 18. Nc4 Nbd4 19. Ba3 Nb5 20. Bb2 Nbd4 21. Ba3
Nb5 22. Ncd2 Nxa3 23. Qxa3 f5 24. Red1 g5 25. Qc1 g4 26. Ne1 Bd5 27. Bxd5+ Rxd5
28. Nc2 Rd6 29. Ne3 b6 30. a3 Nd4 31. Re1 h5 32. b4 cxb4 33. axb4 Qf7 34. Qc4
Rc6 35. Qxf7+ Rxf7 36. Nec4 b5 37. Na3 Rc3 38. Ra1 a6 39. Nab1 Rc6 40. Na3 Rfc7
41. e3 Ne6 42. Rab1 Rc3 43. Rb3 Rxb3 44. Nxb3 Rc3 45. Rb1 Bf8 46. Rb2 Bxb4 47.
Nb1 Rxd3 48. Nd4 Nxd4 49. Rxb4 Rd1+ 0-1

[Event "Campionatele Nationale pe echipe de tin"]
[Site "Iasi"]
[Date "2015.07.25"]
[Round "4.1"]
[White "Doros, Radu Marian"]
[Black "Lupascu, Matei Alexandru"]
[Result "1-0"]
[WhiteElo "2314"]
[BlackElo "2080"]
[PlyCount "31"]
[EventDate "2015.07.22"]
[EventType "team"]
[EventRounds "5"]
[WhiteTeam "MEDICINA TIMISOARA"]
[BlackTeam "CS POLITEHNICA IASI"]

1. e4 g6 2. d4 Bg7 3. Nc3 e6 4. Be3 Ne7 5. Qd2 d6 6. Bh6 O-O 7. h4 Nec6 8. Nf3
e5 9. h5 g5 10. Bxg5 f6 11. Bc4+ Rf7 12. Be3 Bg4 13. Bxf7+ Kxf7 14. dxe5 fxe5
15. Ng5+ Ke7 16. h6 1-0

[Event "Campionatele Nationale pe echipe de tin"]
[Site "Iasi"]
[Date "2015.07.24"]
[Round "3.1"]
[White "Miloi, Pavel-Dan"]
[Black "Lupascu, Matei Alexandru"]
[Result "0-1"]
[WhiteElo "1648"]
[BlackElo "2080"]
[PlyCount "92"]
[EventDate "2015.07.22"]
[EventType "team"]
[EventRounds "5"]
[WhiteTeam "SAH CLUB BRASOV"]
[BlackTeam "CS POLITEHNICA IASI"]

1. e4 c5 2. Nf3 e6 3. d4 cxd4 4. Nxd4 a6 5. g3 b5 6. Bg2 Bb7 7. O-O Qc7 8. Re1
d6 9. f4 Nd7 10. c3 Be7 11. Qg4 h5 12. Qe2 Nc5 13. e5 Bxg2 14. Qxg2 d5 15. Qf3
g6 16. Nd2 Nh6 17. b3 Nd7 18. Qd3 h4 19. Bb2 hxg3 20. hxg3 Nf5 21. Kg2 Bc5 22.
Rh1 Ke7 23. N2f3 Qb7 24. Rac1 Rac8 25. Rcd1 Qc7 26. Rc1 Qb7 27. Rcd1 Nb8 28.
Rc1 Nc6 29. Rcd1 Kd7 30. Rc1 Kc7 31. Ng5 Kb8 32. Nxc6+ Qxc6 33. Rhe1 Qb7 34.
Nf3 Rh6 35. Nd4 Rch8 36. Rh1 Qb6 37. Rxh6 Rxh6 38. Rd1 Kb7 39. Rd2 Qd8 40. Qf3
Qh8 41. Kg1 Rh3 42. Rg2 Nh4 43. Qe2 Nxg2 44. Qxg2 Qh5 45. Kf1 Rh1+ 46. Kf2 Rh2
0-1

[Event "Campionatele Nationale pe echipe de tin"]
[Site "Iasi"]
[Date "2015.07.22"]
[Round "1.1"]
[White "Dicu, Razvan Stefan"]
[Black "Lupascu, Matei Alexandru"]
[Result "1/2-1/2"]
[WhiteElo "2321"]
[BlackElo "2080"]
[PlyCount "33"]
[EventDate "2015.07.22"]
[EventType "team"]
[EventRounds "5"]
[WhiteTeam "CS OTOPENI"]
[BlackTeam "CS POLITEHNICA IASI"]

1. e4 d6 2. d4 Nd7 3. Nc3 e5 4. Nf3 Ngf6 5. Bc4 Be7 6. O-O O-O 7. Re1 c6 8. a4
Qc7 9. Ba2 Re8 10. h3 Nf8 11. Ng5 Ne6 12. Nxe6 Bxe6 13. Bxe6 fxe6 14. dxe5 dxe5
15. Be3 Bb4 16. Qd3 a6 17. Qc4 1/2-1/2

[Event "Trofeul Litoralului"]
[Site "?"]
[Date "2014.06.29"]
[Round "6"]
[White "Lupascu, Matei Alexandru"]
[Black "Coman, Emilia-Florentina"]
[Result "1-0"]
[WhiteElo "2079"]
[BlackElo "1751"]
[Annotator "Anuta Laurentiu"]
[PlyCount "73"]
[EventDate "2014.06.25"]

1. Nf3 c5 2. g3 Nc6 3. Bg2 e5 4. c4 d6 5. d3 Nge7 $6 (5... Nf6 $1) 6. Nc3 f5 $6
(6... g6 $11) 7. O-O $14 g6 8. Bg5 Bg7 9. Nd5 O-O $1 (9... h6 10. Bxe7 Nxe7 11.
Nh4 Kf7 $14) 10. Qc1 Be6 11. Nxe7+ Nxe7 12. Bh6 Qc8 13. Bxg7 Kxg7 14. a3 a5 15.
b3 (15. Qc3) 15... Rb8 16. Qc3 Nc6 17. Ng5 Nd4 (17... Bd7) 18. Nxe6+ Qxe6 19.
Rfe1 Qd7 $11 (19... f4 $1 20. e3 fxg3 21. fxg3 Nf3+ 22. Bxf3 Rxf3 23. Qxa5 Qh3
24. Qc7+ Kh6 25. Qxb8 Rxg3+ 26. hxg3 Qxg3+ $11) 20. Rab1 (20. e3 $1) 20... b5
$2 (20... f4 $1) 21. e3 $14 b4 22. axb4 axb4 23. Qb2 Nc6 24. Ra1 (24. d4 $1)
24... Ra8 25. Ra2 $6 (25. f4) 25... Ra7 $6 (25... Rxa2 26. Qxa2 Qc7 $11) 26.
Rxa7 Nxa7 27. Ra1 Nc8 28. Ra6 (28. d4 $1) 28... Rf7 $2 (28... Qe7) 29. Qa1 $14
(29. Bd5 $1 $16) 29... Ne7 $2 30. f4 $14 (30. d4 $1 $16) 30... Kh6 31. Qa5 $2 (
31. Kf2 $1) 31... exf4 $11 32. gxf4 g5 $4 (32... Ng8 $1 $11) 33. Qxc5 $18 Rf6
34. Qd4 Rg6 35. fxg5+ Kxg5 36. Kf2 Kh6 37. Ra7 1-0

[Event "Seacoast Trophy"]
[Site "?"]
[Date "2014.06.28"]
[Round "?"]
[White "Maksimovic , Suzana (SCG)"]
[Black "Lupascu, Matei Alexandru"]
[Result "1-0"]
[WhiteElo "2227"]
[BlackElo "2079"]
[PlyCount "95"]
[EventDate "2014.??.??"]

1. d4 Nf6 2. c4 g6 3. Nc3 Bg7 4. e4 d6 5. h3 O-O 6. Be3 Nbd7 7. Nf3 c5 8. d5 a6
9. a4 Qa5 10. Bd2 Qb6 11. Bd3 e6 12. O-O Re8 13. a5 Qd8 14. dxe6 Rxe6 15. Re1
Ne5 16. Nxe5 dxe5 17. Nd5 Bd7 18. Be3 Bf8 19. Qc1 Rc8 20. Ra3 Bc6 21. Bg5 Be7
22. h4 Be8 23. Nxe7+ Qxe7 24. Be2 Qc7 25. h5 Nxe4 26. Bg4 Nxg5 27. Qxg5 Bd7 28.
Bxe6 Bxe6 29. Rxe5 Rd8 30. f4 Rd2 31. Rh3 Qd7 32. Rhe3 Qc6 33. hxg6 hxg6 34. f5
Bd7 35. f6 Rd4 36. Rxc5 Qd6 37. Rd5 Rd1+ 38. Rxd1 Qxd1+ 39. Kh2 Bc6 40. Qf4 Qd8
41. b4 Qf8 42. Re7 Qc8 43. c5 Bd5 44. Qd6 Qf5 45. Re8+ Kh7 46. Rh8+ Kxh8 47.
Qf8+ Kh7 48. Qg7# 1-0

[Event "OPEN IASI 2014"]
[Site "OPEN IASI 2014"]
[Date "2014.05.13"]
[Round "4.62"]
[White "Pop, Ioan"]
[Black "Lupascu, Matei Alexandru"]
[Result "0-1"]
[WhiteElo "1780"]
[BlackElo "2073"]
[PlyCount "84"]
[EventDate "2014.??.??"]

1. e4 c5 2. Nf3 e6 3. d4 cxd4 4. c3 dxc3 5. Nxc3 d6 6. Bc4 Nf6 7. O-O a6 8. Qe2
b5 9. Bb3 Nbd7 10. Rd1 Bb7 11. Bc2 Be7 12. a3 O-O 13. h3 Rc8 14. Bf4 Qb6 15.
Rac1 b4 16. axb4 Qxb4 17. Bb1 Rfd8 18. Rd4 Qb6 19. Be3 Qa5 20. g4 Bc6 21. Bd2
Qb6 22. Be3 Qb7 23. g5 Ne8 24. Bd3 Nc5 25. Bc2 Qxb2 26. e5 Qb7 27. Nh4 g6 28.
Rb1 Qc7 29. Rc4 Bd5 30. Nxd5 exd5 31. exd6 Qxd6 32. Rcb4 Qe6 33. Nf3 Ne4 34.
Ra4 Nc3 35. Qd3 Nxa4 36. Bxa4 Qxh3 37. Bb6 Qg4+ 38. Kh1 Qxa4 39. Bxd8 Rxd8 40.
Qe3 Qe4 41. Qb3 Bd6 42. Kg1 Rb8 0-1

[Event "OPEN IASI 2014"]
[Site "OPEN IASI 2014"]
[Date "2014.05.12"]
[Round "3.63"]
[White "Lupascu, Matei Alexandru"]
[Black "Pislariu, Stefanel-Vasilica"]
[Result "0-1"]
[WhiteElo "2073"]
[BlackElo "1779"]
[PlyCount "66"]
[EventDate "2014.??.??"]

1. d4 d5 2. Nf3 Nf6 3. g3 c6 4. Bg2 Bf5 5. O-O e6 6. c4 Be7 7. Nc3 Nbd7 8. Nd2
O-O 9. e4 dxe4 10. Ndxe4 Nxe4 11. Nxe4 Nf6 12. Re1 Re8 13. Bf4 Nxe4 14. Bxe4
Bxe4 15. Rxe4 Bf6 16. a4 Qa5 17. Qb3 Qf5 18. Rae1 b6 19. Be5 Bxe5 20. Rxe5 Qf6
21. d5 c5 22. Qb5 Qd8 23. dxe6 fxe6 24. Rxe6 Rxe6 25. Rxe6 Qd1+ 26. Kg2 Rf8 27.
f4 Qc2+ 28. Kg1 Qd1+ 29. Kf2 g5 30. Re8 Qd2+ 31. Kf3 Qd1+ 32. Kg2 g4 33. Qc6
Qf3+ 0-1

[Event "OPEN IASI 2014"]
[Site "Iasi"]
[Date "2014.05.11"]
[Round "2.35"]
[White "Suba, Mihai"]
[Black "Lupascu, Matei Alexandru"]
[Result "1-0"]
[WhiteElo "2399"]
[BlackElo "2073"]
[PlyCount "79"]
[EventDate "2014.??.??"]

1. Nc3 c5 2. e4 e6 3. Nf3 a6 4. g3 Nc6 5. Bg2 g6 6. O-O Bg7 7. d3 d6 8. Be3 Nd4
9. Qd2 Ne7 10. Ne1 h5 11. Nd1 Ndc6 12. f4 b6 13. c3 e5 14. Nf3 Bg4 15. Nf2 Bd7
16. d4 O-O 17. fxe5 cxd4 18. cxd4 dxe5 19. d5 Na5 20. Rac1 Bb5 21. Bh6 Bxf1 22.
Bxf1 Qd6 23. Bh3 f6 24. Be6+ Kh8 25. g4 h4 26. Nxh4 g5 27. Bxg7+ Kxg7 28. Ng2
Rh8 29. b4 Nb7 30. Ne3 a5 31. Rc6 Qd8 32. Nf5+ Nxf5 33. gxf5 Nd6 34. Qc3 Nb5
35. Qc4 Nd4 36. Rc7+ Kh6 37. Ng4+ Kh5 38. Qd3 Ne2+ 39. Qxe2 Qxc7 40. Bf7+ 1-0

[Event "OPEN IASI 2014"]
[Site "Iasi"]
[Date "2014.05.10"]
[Round "1.90"]
[White "Lupascu, Matei Alexandru"]
[Black "Strasevici, Ana"]
[Result "1-0"]
[WhiteElo "2073"]
[BlackElo "1502"]
[PlyCount "75"]
[EventDate "2014.??.??"]

1. d4 Nf6 2. c4 g6 3. Nc3 Bg7 4. e4 d6 5. h3 O-O 6. Bg5 Na6 7. Bd3 c5 8. d5 Nc7
9. Nf3 e5 10. Nd2 h6 11. Bh4 g5 12. Bg3 Nh7 13. O-O f5 14. exf5 Bxf5 15. Bxf5
Rxf5 16. Nde4 Rf7 17. a3 a5 18. Rb1 Ne8 19. b4 b6 20. bxc5 bxc5 21. Qb3 Nhf6
22. Qb6 Nxe4 23. Nxe4 Bf8 24. Qxd8 Rxd8 25. Rb5 Ra8 26. Rfb1 Raa7 27. f3 Ng7
28. a4 Nf5 29. Bf2 Nd4 30. Rb6 Rad7 31. R1b2 Kg7 32. Be1 Nxf3+ 33. gxf3 Rxf3
34. R2b3 Rf4 35. Rb7 Rxb7 36. Rxb7+ Kg6 37. Nd2 e4 38. Bg3 1-0

[Event "Campionatul National de sah Clasic pt. "]
[Site "?"]
[Date "2014.04.13"]
[Round "?"]
[White "Neagu, Mihai-Cosmin"]
[Black "Lupascu, Matei Alexandru"]
[Result "0-1"]
[WhiteElo "2058"]
[BlackElo "2067"]
[PlyCount "69"]
[EventDate "2014.??.??"]

1. c4 Nf6 2. Nc3 g6 3. e4 d6 4. d4 Bg7 5. Nf3 O-O 6. h3 e5 7. Be3 Nc6 8. d5 Ne7
9. Qd2 Nd7 10. Bh6 f5 11. Bxg7 Kxg7 12. Bd3 Nc5 13. Bc2 a5 14. h4 fxe4 15. Ng5
Nf5 16. Bxe4 Nxe4 17. Ncxe4 Nd4 18. h5 h6 19. Nf3 Rxf3 20. hxg6 Rf4 21. Ng3 Rh4
22. O-O-O Bf5 23. Rxh4 Qxh4 24. Rh1 Qg5 25. Qxg5 hxg5 26. Rh7+ Kxg6 27. Rxc7
Rc8 28. Rxb7 Rxc4+ 29. Kd1 Rc5 30. b4 axb4 31. Rxb4 Rxd5 32. Rb6 Bg4+ 33. Kd2
Nf5+ 34. Kc3 Nxg3 35. fxg3 0-1

[Event "Calimanesti ROM, Ch U18 (b) 2014"]
[Site "Calimanesti ROM"]
[Date "2014.04.12"]
[Round "8.4"]
[White "Bunta, Andrei"]
[Black "Lupascu, Matei Alexandru"]
[Result "1-0"]
[WhiteElo "2050"]
[BlackElo "2067"]
[PlyCount "113"]
[EventDate "2014.04.06"]
[EventType "swiss"]
[EventRounds "9"]
[EventCountry "ROM"]

1. d4 Nf6 2. c4 g6 3. Nc3 Bg7 4. e4 d6 5. f3 O-O 6. Be3 Nc6 7. Nge2 a6 8. Qd2
Rb8 9. Rc1 e5 10. d5 Ne7 11. g3 Nd7 12. Bg2 f5 13. O-O b6 14. b4 Nf6 15. Bg5 h5
16. c5 Nh7 17. Be3 h4 18. cxb6 cxb6 19. Rc2 Nf6 20. Rfc1 hxg3 21. hxg3 Bd7 22.
a4 Nh5 23. Qd3 Nc8 24. Qxa6 Nxg3 25. Nxg3 f4 26. Bf2 fxg3 27. Bxg3 Bh6 28. Re1
Qg5 29. Kf2 b5 30. axb5 Nb6 31. Nd1 Qf6 32. Ne3 Bf4 33. Rc7 Qg5 34. Nf1 Bxg3+
35. Nxg3 Qd2+ 36. Ne2 Qxb4 37. Qa7 Qxe4 38. Rxd7 Qh4+ 39. Kf1 Nxd7 40. Qxd7 Rf6
41. Rc1 e4 42. Rc7 Qh6 43. f4 Rbf8 44. Rc8 e3 45. Qh3 Rxf4+ 46. Nxf4 Qxf4+ 47.
Bf3 Rxc8 48. Qxc8+ Kg7 49. Qc3+ Kf8 50. Ke2 Qh2+ 51. Kxe3 Qg1+ 52. Ke2 Qh2+ 53.
Kd3 Qg3 54. Qc8+ Kf7 55. Qg4 Qe1 56. Qd4 Kg8 57. Qa7 1-0

[Event "Calimanesti ROM, Ch U18 (b) 2014"]
[Site "Calimanesti ROM"]
[Date "2014.04.11"]
[Round "7.2"]
[White "Lupascu, Matei Alexandru"]
[Black "Bida, Mihai Eugen"]
[Result "0-1"]
[WhiteElo "2067"]
[BlackElo "2262"]
[PlyCount "62"]
[EventDate "2014.04.06"]
[EventType "swiss"]
[EventRounds "9"]
[EventCountry "ROM"]

1. d4 Nf6 2. g3 d5 3. Nf3 g6 4. Bg2 Bg7 5. O-O O-O 6. Re1 c5 7. c3 cxd4 8. cxd4
Ne4 9. Ne5 Qb6 10. Nc3 Rd8 11. Na4 Qa5 12. f3 Bxe5 13. dxe5 Bd7 14. b3 Bxa4 15.
bxa4 Nc3 16. Qb3 Nxa4 17. Bg5 Nc5 18. Qc2 Nc6 19. Bd2 Qa3 20. Rab1 b6 21. Rec1
Nxe5 22. Kh1 Nc4 23. Bc3 e5 24. e4 Ne3 25. Qe2 d4 26. Bb4 Qd3 27. Qf2 Ne6 28.
Be7 Rdc8 29. Bf6 Qa3 30. Re1 Qd6 31. f4 Ng4 0-1

[Event "Calimanesti ROM, Ch U18 (b) 2014"]
[Site "Calimanesti ROM"]
[Date "2014.04.10"]
[Round "6.3"]
[White "Mocanu, Victor Valentin"]
[Black "Lupascu, Matei Alexandru"]
[Result "0-1"]
[WhiteElo "1909"]
[BlackElo "2067"]
[PlyCount "170"]
[EventDate "2014.04.06"]
[EventType "swiss"]
[EventRounds "9"]
[EventCountry "ROM"]

1. e4 c5 2. Nf3 e6 3. d4 cxd4 4. Nxd4 a6 5. c4 Nf6 6. Nc3 Bb4 7. Bd3 Nc6 8. Nc2
Be7 9. Be3 Qc7 10. f4 d6 11. O-O b6 12. Rc1 Bb7 13. Qe2 Rc8 14. Na1 Nb8 15. b4
Nbd7 16. Nb3 Qb8 17. a3 Qa8 18. Bd2 O-O 19. Rce1 Rfd8 20. Bb1 Bf8 21. e5 Ne8
22. Ne4 d5 23. Ng5 g6 24. Qg4 Bg7 25. cxd5 Bxd5 26. Nc1 Nf8 27. Rf2 Rd7 28. Ne4
Rcd8 29. Bc3 Qc6 30. Bb2 a5 31. Qg3 axb4 32. axb4 Qa4 33. Qa3 Bc6 34. Qxa4 Bxa4
35. Nc3 Bc6 36. b5 Ba8 37. Na4 Rb8 38. Nb3 Nc7 39. Nd4 Nd5 40. Be4 Ra7 41. Nc3
Nxc3 42. Bxc3 Bxe4 43. Rxe4 Ra4 44. Nc6 Rxe4 45. Nxb8 g5 46. g3 Rc4 47. Bd2 Rc5
48. Nc6 Ng6 49. Nd4 Rd5 50. Be3 gxf4 51. gxf4 Bf8 52. Kg2 Bc5 53. Rd2 Nxf4+ 54.
Bxf4 Rxd4 55. Rxd4 Bxd4 56. Kf3 Kg7 57. Ke4 Bc5 58. Bg5 Kf8 59. h3 Be7 60. Be3
Bd8 61. Bd4 Kg7 62. Kf4 Kg6 63. Kg4 Bc7 64. Bc3 h5+ 65. Kh4 Bd8+ 66. Kg3 f6 67.
Kf3 Kf5 68. exf6 Bxf6 69. Bd2 Bd4 70. Be1 Bc5 71. Bh4 e5 72. Bd8 e4+ 73. Kg3
Bd4 74. h4 Ke5 75. Bc7+ Kd5 76. Kf4 e3 77. Kf3 Kc4 78. Bf4 Kd3 79. Bg3 Bc5 80.
Be1 Kc4 81. Kf4 Kxb5 82. Kg5 Bb4 83. Bg3 e2 84. Kxh5 e1=Q 85. Bxe1 Bxe1 0-1

[Event "Calimanesti ROM, Ch U18 (b) 2014"]
[Site "Calimanesti ROM"]
[Date "2014.04.09"]
[Round "5.2"]
[White "Lupascu, Matei Alexandru"]
[Black "David, Alexandru-Vasile"]
[Result "1/2-1/2"]
[WhiteElo "2067"]
[BlackElo "2166"]
[PlyCount "59"]
[EventDate "2014.04.06"]
[EventType "swiss"]
[EventRounds "9"]
[EventCountry "ROM"]

1. d4 Nf6 2. c4 g6 3. Nc3 d5 4. Bf4 Bg7 5. e3 O-O 6. Rc1 c5 7. dxc5 Be6 8. Nge2
Nc6 9. Nd4 Nxd4 10. exd4 dxc4 11. Be2 Nd5 12. Nxd5 Qxd5 13. Bf3 Qxd4 14. Qxd4
Bxd4 15. Bxb7 Bxb2 16. Rc2 c3 17. Bxa8 Bf5 18. Re2 Rxa8 19. f3 Rc8 20. Rxe7
Rxc5 21. Kf2 c2 22. Bh6 Rc8 23. Rhe1 Be6 24. Bc1 Bd4+ 25. Kg3 Bc5 26. Rb7 Rd8
27. Bh6 Bd6+ 28. Kf2 Bc5+ 29. Kg3 Bd6+ 30. Kf2 1/2-1/2

[Event "Calimanesti ROM, Ch U18 (b) 2014"]
[Site "Calimanesti ROM"]
[Date "2014.04.09"]
[Round "4.3"]
[White "Lupascu, Matei Alexandru"]
[Black "Deaconu, Mihai Ionut"]
[Result "1-0"]
[WhiteElo "2067"]
[BlackElo "1891"]
[PlyCount "123"]
[EventDate "2014.04.06"]
[EventType "swiss"]
[EventRounds "9"]
[EventCountry "ROM"]

1. d4 Nf6 2. c4 g6 3. Nc3 Bg7 4. e4 d6 5. h3 O-O 6. Bg5 e5 7. dxe5 dxe5 8. Qxd8
Rxd8 9. Nd5 Rxd5 10. exd5 Ne4 11. Be3 Nd7 12. Bd3 Nec5 13. Be2 e4 14. O-O-O a5
15. f3 Nd3+ 16. Bxd3 exd3 17. f4 Nb6 18. Bxb6 cxb6 19. Nf3 Bf5 20. Rhe1 Rc8 21.
Nd2 h5 22. Re7 b5 23. Rde1 Kf8 24. d6 Rd8 25. Rxb7 bxc4 26. Nxc4 Bh6 27. g3 h4
28. g4 Bxf4+ 29. Kd1 d2 30. Rf1 Bc8 31. Ra7 g5 32. Rxa5 Bb7 33. Rf2 Be4 34.
Rxf4 gxf4 35. Kxd2 Bg2 36. Rh5 Kg7 37. Rg5+ Kf8 38. Rh5 Kg7 39. Rg5+ Kf8 40.
Rf5 Kg7 41. Rxf4 Bxh3 42. Rd4 Bg2 43. Ke2 h3 44. Kf2 Rh8 45. Rd1 Be4 46. Nd2 h2
47. Nxe4 h1=Q 48. Rxh1 Rxh1 49. Ke3 Rd1 50. b4 Kf8 51. a4 Rb1 52. b5 Rb3+ 53.
Kd4 Rb4+ 54. Kd5 Rxa4 55. Nc5 Rxg4 56. Kc6 f5 57. Ne6+ Kf7 58. d7 Rg6 59. d8=Q
Rxe6+ 60. Kc7 Re7+ 61. Qxe7+ Kxe7 62. b6 1-0

[Event "Calimanesti ROM, Ch U18 (b) 2014"]
[Site "Calimanesti ROM"]
[Date "2014.04.08"]
[Round "3.1"]
[White "Tomici, Stefan"]
[Black "Lupascu, Matei Alexandru"]
[Result "1-0"]
[WhiteElo "2231"]
[BlackElo "2067"]
[PlyCount "119"]
[EventDate "2014.04.06"]
[EventType "swiss"]
[EventRounds "9"]
[EventCountry "ROM"]

1. e4 c5 2. Nf3 Nf6 3. e5 Nd5 4. c3 Nc6 5. Bc4 Nb6 6. Bb3 c4 7. Bc2 Qc7 8. Qe2
g5 9. Na3 g4 10. Nb5 Qb8 11. Ng5 Nxe5 12. O-O Rg8 13. f4 gxf3 14. Nxf3 d6 15.
Nxe5 dxe5 16. Qf3 Rg7 17. d4 Bg4 18. Qf2 f6 19. Bh6 Rf7 20. Bxf8 Kxf8 21. Rae1
Bd7 22. Na3 exd4 23. Qxd4 Qd6 24. Be4 Bc6 25. Qxd6 exd6 26. Bxc6 bxc6 27. Re6
Re8 28. Rxd6 Re2 29. Rxc6 Rd7 30. Rcxf6+ Kg7 31. R6f2 Rdd2 32. b3 Rxa2 33. Nxc4
Nxc4 34. Rxe2 Rxe2 35. bxc4 Ra2 36. c5 Ra5 37. c6 Rc5 38. Ra1 a5 39. Ra3 Rxc6
40. Kf2 Kf6 41. Ke3 Rc5 42. Kd4 Rh5 43. h3 Rg5 44. Ra2 Ke6 45. Rb2 h5 46. Kc4
h4 47. Rb6+ Kd7 48. Rh6 Rxg2 49. Rxh4 Rg5 50. Rh7+ Kc6 51. Rh8 Rf5 52. h4 Rf4+
53. Kb3 Kd6 54. h5 a4+ 55. Ka3 Rh4 56. h6 Kc7 57. h7 Kb7 58. c4 Ka7 59. c5 Kb7
60. c6+ 1-0

[Event "Calimanesti ROM, Ch U18 (b) 2014"]
[Site "Calimanesti ROM"]
[Date "2014.04.07"]
[Round "2.4"]
[White "Lupascu, Matei Alexandru"]
[Black "Lazin, Robert-Tamas"]
[Result "1-0"]
[WhiteElo "2067"]
[BlackElo "1917"]
[PlyCount "69"]
[EventDate "2014.04.06"]
[EventType "swiss"]
[EventRounds "9"]
[EventCountry "ROM"]

1. d4 d5 2. c4 e6 3. Nf3 c5 4. Nc3 Nc6 5. e3 Nf6 6. Bd3 Be7 7. O-O O-O 8. a3
Re8 9. Re1 a6 10. Ne5 Qc7 11. Ng4 dxc4 12. Bxc4 b5 13. Ba2 Bb7 14. Nxf6+ Bxf6
15. Ne4 Be7 16. Nxc5 Bxc5 17. dxc5 Ne5 18. Qd6 Qxd6 19. cxd6 Red8 20. Rd1 Rd7
21. f3 h6 22. e4 Ng6 23. Be3 Rc8 24. Rac1 Rxc1 25. Bxc1 e5 26. Be3 Nf8 27. Bf2
Kh7 28. Bg3 f6 29. Be1 g5 30. Bb4 Rg7 31. Rc1 Nd7 32. Ba5 Nb8 33. Bd8 Kg6 34.
Be6 Nc6 35. Bb6 1-0

[Event "Calimanesti ROM, Ch U18 (b) 2014"]
[Site "Calimanesti ROM"]
[Date "2014.04.06"]
[Round "1.5"]
[White "Szijarto, Norbert-Ludwig"]
[Black "Lupascu, Matei Alexandru"]
[Result "0-1"]
[WhiteElo "1720"]
[BlackElo "2067"]
[PlyCount "38"]
[EventDate "2014.04.06"]
[EventType "swiss"]
[EventRounds "9"]
[EventCountry "ROM"]

1. e4 c5 2. Nf3 e6 3. d4 cxd4 4. Nxd4 a6 5. Nc3 Qc7 6. g3 Nf6 7. Bg2 Bb4 8. Qd3
Nc6 9. Nxc6 dxc6 10. O-O e5 11. f4 Bc5+ 12. Be3 Qb6 13. Bxc5 Qxc5+ 14. Kh1 Ng4
15. Rad1 O-O 16. Rd2 Be6 17. Qd6 Qb6 18. Qd3 Rad8 19. Qe2 Bc4 0-1

[Event "Campionatul National pe Echipe Pentru C"]
[Site "?"]
[Date "2013.07.16"]
[Round "?"]
[White "Lupascu, Matei Alexandru"]
[Black "Voicu, Gabriel"]
[Result "1-0"]
[WhiteElo "2038"]
[BlackElo "1847"]
[PlyCount "59"]
[EventDate "2013.??.??"]

1. d4 Nf6 2. c4 e6 3. Nf3 Bb4+ 4. Nbd2 b6 5. e3 O-O 6. Be2 Bb7 7. O-O Ne4 8.
Nxe4 Bxe4 9. c5 Ba5 10. a3 bxc5 11. dxc5 c6 12. Qd4 Bg6 13. e4 f6 14. e5 Bc7
15. b4 fxe5 16. Nxe5 Qf6 17. Bb2 Rd8 18. Nxg6 Qxg6 19. Rad1 Rf8 20. g3 a5 21.
Bd3 Qf6 22. Qxf6 gxf6 23. b5 cxb5 24. Bxb5 Rf7 25. Rd2 Ra7 26. Rfd1 Bd8 27. c6
d5 28. Rc2 Rae7 29. a4 Bb6 30. Ba3 1-0

[Event "Campionatul National pe Echipe Pentru C"]
[Site "?"]
[Date "2013.07.16"]
[Round "?"]
[White "Rus, Calin-Ioan"]
[Black "Lupascu, Matei Alexandru"]
[Result "0-1"]
[WhiteElo "1506"]
[BlackElo "2038"]
[PlyCount "88"]
[EventDate "2013.??.??"]

1. d4 Nf6 2. Bg5 e6 3. Nf3 d5 4. e3 Nbd7 5. c4 c6 6. Nc3 Be7 7. Bd3 O-O 8. O-O
b6 9. Rc1 Bb7 10. a3 c5 11. cxd5 exd5 12. Re1 Ne4 13. Bxe7 Qxe7 14. Qc2 Rac8
15. Qa4 a6 16. Qd1 f5 17. Nd2 c4 18. Bb1 Qh4 19. Qe2 Rf6 20. Bxe4 fxe4 21. f4
Rh6 22. g3 Qe7 23. Rf1 Rf8 24. Rf2 Nf6 25. Nf1 Bc8 26. Rc2 Bh3 27. Qe1 Qd7 28.
Qd1 b5 29. Rcd2 a5 30. a4 b4 31. Nb5 Bg4 32. Qc1 Bf3 33. Rc2 Rg6 34. Nd2 Bg4
35. Nf1 Bh3 36. Qe1 h5 37. Kh1 h4 38. Rfd2 Nh5 39. gxh4 Qg4 40. Ng3 Qxh4 41.
Qf2 Nxg3+ 42. hxg3 Rxg3 43. Qh2 Rxe3 44. Rc1 Re1+ 0-1

[Event "CN Juniori 2013 - B18"]
[Site "Calimanesti-Caciulata"]
[Date "2013.04.08"]
[Round "9.6"]
[White "Lupascu, Matei Alexandru"]
[Black "Frusescu, Dorian-Corneliu"]
[Result "1-0"]
[WhiteElo "2058"]
[BlackElo "1796"]
[PlyCount "35"]
[EventDate "2013.04.02"]
[EventRounds "9"]

1. d4 d5 2. c4 e6 3. Nc3 c6 4. Nf3 dxc4 5. a4 Bb4 6. e3 b5 7. Bd2 Qb6 8. Ne4
Be7 9. axb5 cxb5 10. Ba5 Qc6 11. Ne5 Qxe4 12. Be2 f6 13. Bf3 Qf5 14. g4 Qg5 15.
h4 Qh6 16. Nc6 a6 17. Nxe7 Ra7 18. Nxc8 1-0

[Event "CN Juniori 2013 - B18"]
[Site "Calimanesti-Caciulata"]
[Date "2013.04.07"]
[Round "8.7"]
[White "Lupascu, Matei Alexandru"]
[Black "Szijarto, Norbert-Ludwig"]
[Result "1-0"]
[WhiteElo "2058"]
[BlackElo "1650"]
[PlyCount "67"]
[EventDate "2013.04.02"]
[EventRounds "9"]

1. d4 Nf6 2. c4 e6 3. Nc3 c5 4. d5 exd5 5. cxd5 d6 6. e4 Be7 7. f4 O-O 8. Nf3
Bg4 9. Bd3 Nbd7 10. O-O Nb6 11. b3 a6 12. Bb2 Qc7 13. Qd2 Bxf3 14. Rxf3 Nbd7
15. Re1 Rfe8 16. Bb1 Bd8 17. Kh1 b5 18. Rfe3 Rc8 19. e5 dxe5 20. d6 Qc6 21.
fxe5 Ng4 22. Be4 Qb6 23. Bf5 Nxe3 24. Bxd7 Bg5 25. Bxc8 Rxc8 26. Rxe3 Bxe3 27.
Qxe3 Re8 28. Nd5 Qa5 29. Ne7+ Kf8 30. e6 f6 31. Bxf6 Qxa2 32. Bxg7+ Kxg7 33.
Qg5+ Kh8 34. Qf6# 1-0

[Event "CN Juniori 2013 - B18"]
[Site "Calimanesti-Caciulata"]
[Date "2013.04.06"]
[Round "7.6"]
[White "Negru, Alecsandru-George"]
[Black "Lupascu, Matei Alexandru"]
[Result "1-0"]
[WhiteElo "1715"]
[BlackElo "2058"]
[PlyCount "70"]
[EventDate "2013.04.02"]
[EventRounds "9"]

1. e4 c5 2. Nc3 e6 3. f4 Nc6 4. Nf3 d6 5. Bb5 Nge7 6. d3 g6 7. O-O Bg7 8. e5 d5
9. Bxc6+ bxc6 10. Na4 Qa5 11. c4 O-O 12. Bd2 Qc7 13. Qc2 Rb8 14. Nxc5 Qb6 15.
b4 Rd8 16. Kh1 h5 17. Rab1 Nf5 18. Nb3 dxc4 19. dxc4 Ne3 20. Bxe3 Qxe3 21. Rbe1
Qb6 22. a3 Ba6 23. Nc5 Bf8 24. Ne4 c5 25. b5 Bb7 26. Nf6+ Kg7 27. Nxh5+ Kh8 28.
Ng5 Kg8 29. Nf6+ Kg7 30. f5 exf5 31. Rxf5 Qa5 32. Ne8+ Kg8 33. Ref1 Rd2 34.
Rxf7 Bxg2+ 35. Kg1 Rb6 1-0